Normal view
MARC view
Entry Personal Name
001 - CONTROL NUMBER
- control field: 16303
003 - CONTROL NUMBER IDENTIFIER
- control field: OSt
005 - DATE AND TIME OF LATEST TRANSACTION
- control field: 20220829170242.0
008 - FIXED-LENGTH DATA ELEMENTS
- fixed length control field: 220829|| aca||aabn | a|a d
040 ## - CATALOGING SOURCE
- Original cataloging agency: OSt
- Transcribing agency: OSt
100 ## - HEADING--PERSONAL NAME
- Personal name: ohn M. Amiss; Franklin D. Jones; Henry H. Ryffel ; Christopher J. McCauley
670 ## - SOURCE DATA FOUND
- Source citation: Work cat.: (OSt): ohn M. Amiss; Franklin D. Jones; Henry H. Ryffel ; Christopher J. McCauley, Machinery's handbook guide to 31st Edition.:, 2020
